Bratislava : mapa mesta 1: 15 000
Uložené v:
| Médium: | Mapa |
|---|---|
| Vydavateľské údaje: |
Harmanec :
Vojenský kartografický ústav,
2006
|
| Vydanie: | 7.vyd |
| Tagy: |
Žiadne tagy, Buďte prvý, kto otaguje tento záznam!
|
MARC
| LEADER | 00000nem a22000003a 4500 | ||
|---|---|---|---|
| 001 | stu151190 | ||
| 005 | 20141122190902.3 | ||
| 008 | 071126s2006----------------------------d | ||
| 020 | |a 80-8042-456-X | ||
| 040 | |a STU |b slo | ||
| 041 | 0 | ||
| 245 | |a Bratislava : |b mapa mesta 1: 15 000 | ||
| 250 | |a 7.vyd | ||
| 260 | |a Harmanec : |b Vojenský kartografický ústav, |c 2006 | ||
| 996 | |b 284AU03767 |c A*5650 |l AAKNAR |s A |a 24 |w stu151190_0001 | ||